Spaniens Fußballer des Jahres - Statistiken

Allgemein
  • Dieses Quiz wurde 516 mal gespielt
  • Das Durchschnittsergebnis liegt bei 22 aus 32
Antwortstatistiken
Jahr Spieler Verein/e Nation % Korrekt
2011/2012 Cristiano Ronaldo Real Madrid Portugal
98%
2012/2013 Cristiano Ronaldo Real Madrid Portugal
98%
2013/2014 Cristiano Ronaldo Real Madrid Portugal
98%
2015/2016 Cristiano Ronaldo Real Madrid Portugal
98%
2006/2007 Lionel Messi FC Barcelona Argentinien
98%
2009/2010 Lionel Messi FC Barcelona Argentinien
98%
2011/2012 Lionel Messi FC Barcelona Argentinien
98%
2014/2015 Lionel Messi FC Barcelona Argentinien
98%
2016/2017 Lionel Messi FC Barcelona Argentinien
98%
2017/2018 Lionel Messi FC Barcelona Argentinien
98%
2018/2019 Lionel Messi FC Barcelona Argentinien
98%
1996/1997 Ronaldo FC Barcelona Brasilien
98%
2019/2020 Karim Benzema Real Madrid Frankreich
93%
2020/2021 Luis Suárez Atlético Madrid Uruguay
90%
2008/2009 Andrés Iniesta FC Barcelona Spanien
88%
2004/2005 Xavi FC Barcelona Spanien
87%
2003/2004 Ronaldinho FC Barcelona Brasilien
79%
2001/2002 Zinédine Zidane Real Madrid Frankreich
76%
1999/2000 Luís Figo FC Barcelona Portugal
71%
1998/1999 Raúl Real Madrid Spanien
57%
2000/2001 Raúl Real Madrid Spanien
57%
1997/1998 Rivaldo FC Barcelona Brasilien
57%
2005/2006 David Villa FC Valencia Spanien
54%
1991/1992 Michael Laudrup FC Barcelona Dänemark
51%
1993/1994 Hristo Stoichkov FC Barcelona Bulgarien
49%
1989/1990 Hugo Sánchez Real Madrid Mexiko
48%
2007/2008 Sergio Agüero Atlético Madrid Argentinien
45%
1990/1991 Bernd Schuster Atlético Madrid Deutschland
25%
2002/2003 Xabi Alonso Real Sociedad Sán Sebastian Spanien
16%
1994/1995 Iván Zamorano FC Barcelona Chile
8%
1995/1996 Predrag Mijatovic FC Valencia Jugoslawien
5%
1992/1993 Miroslav Dukic Deportivo La Coruna Jugoslawien
1%
Keine übereinstimmenden Quizze gefunden
Verteilung der Resultate
Anzahl Personen mit jedem Resultat
Perzentil nach korrekt beantworteten Fragen
Ihre Resultats-Entwicklung
Sie haben dieses Quiz noch nicht gespielt